| 000 | 00618ntaaa2200193 4500 | ||
|---|---|---|---|
| 003 | 01 | ||
| 005 | 20251027202528.0 | ||
| 008 | 0714s1973 ag 01 | ||
| 040 |
_aAR-BaBN _bspa _cAR-BaBN _eaacr _dRIC |
||
| 082 | _a282.0000 D44 | ||
| 100 |
_aDe Pazos, Juan María _924244 |
||
| 245 | _aEl Sensato | ||
| 250 | _a1 ed. | ||
| 260 |
_aSantiago : _bOficina de D. Juan María de Pazos, _c1813 |
||
| 300 | _a377p.,núm. 1601 al 1978 | ||
| 500 | _aColicción del periódico semanal católico desde Julio a Diciembre, 1813 (números 98-121), y que contiene noticias, ensayos, etc. | ||
| 650 |
_aCatolicismo _9316 |
||
| 942 | _cBK | ||
| 999 |
_c20303 _d20303 |
||